000 00825cab a2200217 4500
001 ABS37435
008 090401t1987 xxu||||| |||| 00| 0 eng d
035 _a(Sirsi) u4449
041 _aeng
100 _aGarbett, C.
245 _aDo you need a data base
260 _c1987
350 _a0
490 _aChartered Surveyor Weekly
_v18(8) 26 February 1987, 62(1)
520 _aA brief guide for chartered surveyors in the process of selecting a computerised information system, covering identification of user requirements, employment of consultants and factors to be considered when designing a system. Also looks at the advantages of designing or buying a computer package.
650 _aCOMPUTERS
650 _aProperty management
_96262
690 _aPRACTICE AND TECHNIQUES
942 _n0
948 _c04/03/1997
999 _c2676
_d2676